Lo cuenta el cono sur: mitos de nuestra tierra

Gespeichert in:
Bibliographische Detailangaben
1. Verfasser: Gevert, Lucía (VerfasserIn)
Format: Buch
Sprache:Spanisch
Veröffentlicht: Santiago Salo 1995
Schlagworte:
Tags: Tag hinzufügen
Keine Tags, Fügen Sie den ersten Tag hinzu!

MARC

LEADER 00000nam a2200000 a 4500
001 UCH6669
003 CL-VaPUC
008 091109e19950000CL |||||||||||||||||spa|d
020 |a 9562640663 
082 0 4 |a Ch863  |b GEV  |2 21 
100 |a Gevert, Lucía  |e author  |9 545044 
245 1 3 |a Lo cuenta el cono sur: mitos de nuestra tierra 
300 |a 96 p 
942 |c BK 
945 |d 20091109 00:00:00  |a lazolas 
260 |a Santiago  |b Salo  |c 1995 
650 0 |a Cuentos chilenos   |9 308280 
650 0 |a Literatura chilena   |9 308278 
650 0 |a Literatura infantil   |9 307465 
583 |a last modification  |c 20091109 00:00:00  |k Rodrigo Vera 
999 |c 337518  |d 337516